000 00643cam a2200217 4500
001 ABS65105
008 020222n2002 000 0 eng u
035 _a(Sirsi) u116814
245 _aCity, City fringe and Docklands
260 _c2002
490 _aProperty Week
_v67(6) 15 February 2002, 37-56(10)
590 _aABS
650 _aDOCKLANDS
650 _aCITY OF LONDON
650 _aPROPERTY-COMMERCIAL PROPERTY-OFFICE PROPERTY-OFFICE PROPERTY MARKET
650 _aCITY FRINGE
650 _aRESIDENTIAL MARKET
650 _aINVESTMENT MARKET
690 _aPROPERTY-COMMERCIAL PROPERTY-COMMERCIAL PROPERTY MARKET
942 _n0
999 _c69570
_d69570